|
|
|
|
| LEADER |
00000nkmaa2200000 a 4500 |
| 001 |
vtls011620409 |
| 003 |
SK-MaSNL |
| 005 |
20260331210432.0 |
| 007 |
kh bo |
| 008 |
230802s1974 xo | ||00 k|slo |
| 035 |
|
|
|a 4A6BC9D0-3BD5-461C-8752-017315EE5FC2
|
| 035 |
|
|
|a urn:nbn:sk:snk-km43iw0
|
| 035 |
|
|
|a urn:nbn:sk:snk-km00e54i
|
| 040 |
|
|
|a SNKLA
|b slo
|c SNKLA
|e AACR2
|
| 041 |
0 |
|
|a slo
|
| 044 |
|
|
|a xo
|c SK
|
| 100 |
1 |
|
|a Lašut, Filip,
|d 1945-2012
|4 pht
|9 151668
|
| 245 |
1 |
0 |
|a [Pamätná tabuľa Pavla Országha Hviezdoslava v Námestove]
|h grafika
|
| 260 |
|
|
|a [S.l.
|b s.n.]
|c 1974
|
| 300 |
|
|
|a 1 fotografia
|b čb
|c 13 x 18 cm
|
| 520 |
2 |
|
|a Zobrazenie: Pamätná tabuľa na dome v Námestove, postavenom na mieste, kde stál dom, v ktorom býval Pavol Országh Hviezdoslav počas svojho pobytu v Námestove. Záber z roku 1974.
|
| 600 |
1 |
7 |
|a Hviezdoslav, Pavol Országh,
|d 1849-1921
|2 SNKMA
|9 92721
|
| 650 |
0 |
7 |
|a pamätné tabule
|2 SNKPH
|9 29445
|
| 651 |
|
7 |
|a Námestovo (Slovensko)
|2 SNKPHgeo
|9 29879
|
| 655 |
|
7 |
|a fotografie
|2 SNKPH
|9 70713
|
| 852 |
7 |
|
|a Slovenská národná knižnica
|b Literárny archív
|
| 958 |
|
|
|a ZO
|
| 958 |
|
|
|a BLA
|
| 999 |
|
|
|c 595191
|d 597121
|
| 952 |
|
|
|a SNKLA
|b SNKLA
|c SNKLA_DEP
|y NEVYP
|7 0
|p 17A1191733
|o snkK 3/368
|i snkLA 5806/1974
|0 0
|1 0
|4 0
|d 2017-03-28
|f 1
|l 0
|r 2026-02-23 15:36:45
|w 2026-02-23
|